Vista normal
Vista MARC
- Barbón Rodríguez, José Antonio
Entrada Personal Name
Número de registros utilizados en: 1
001 - CONTROL NUMBER
- control field: 27787
003 - CONTROL NUMBER IDENTIFIER
- control field: AR-MoUNM
005 - DATE AND TIME OF LATEST TRANSACTION
- control field: 20260317164110.0
008 - FIXED-LENGTH DATA ELEMENTS
- fixed length control field: 060420n| azannaabn |a aaa c
010 ## - LIBRARY OF CONGRESS CONTROL NUMBER
- LC control number: no2006040386
035 ## - SYSTEM CONTROL NUMBER
- System control number: (OCoLC)oca06917033
035 ## - SYSTEM CONTROL NUMBER
- System control number: 6827493
040 ## - CATALOGING SOURCE
- Original cataloging agency: AzTeS
- Language of cataloging: eng
- Description conventions: rda
- Transcribing agency: AzTeS
100 1# - HEADING--PERSONAL NAME
- Personal name: Barbón Rodríguez, José Antonio
400 1# - SEE FROM TRACING--PERSONAL NAME
- Personal name: Rodríguez, José Antonio Barbón
400 1# - SEE FROM TRACING--PERSONAL NAME
- Personal name: Barbón, José Antonio
670 ## - SOURCE DATA FOUND
- Source citation: Historia verdadera de la conquista de la Nueva España, 2005:
- Information found: t.p. (José Antonio Barbón Rodríguez)
670 ## - SOURCE DATA FOUND
- Source citation: OCLC, Apr. 20, 2006
- Information found: (hdg.: Barbón Rodríguez, José Antonio; Barbón, José Antonio; usage: José Antonio Barbón Rodríguez; José Antonio Barbón)
UNM ® 2018
Biblioteca UNM
Universidad Nacional de Moreno
Av. Bme. Mitre Nº 1891 (B1744OHC) Moreno
Provincia de Buenos Aires, República Argentina
(0237) 460-9300 (líneas rotativas)
(011) 2078-9170 (líneas rotativas)
biblioteca@unm.edu.ar
Universidad Nacional de Moreno
Av. Bme. Mitre Nº 1891 (B1744OHC) Moreno
Provincia de Buenos Aires, República Argentina
(0237) 460-9300 (líneas rotativas)
(011) 2078-9170 (líneas rotativas)
biblioteca@unm.edu.ar


